Harry Potter First 100 Characters Quiz Stats

 Plays Quiz not verified by Sporcle

Challenge
Share
Tweet
Embed
Score 0/101 Timer 15:00
0 Plays Today
Order Character % Correct
7Harry Potter
98.6%
4Lily Potter
94.6%
5James Potter
94.6%
3Dudley Dursley
94%
1Vernon Dursley
93.8%
2Petunia Dursley
93.6%
51Ronald Weasley
93.2%
10Albus Dumbledore
92.6%
47Ginny Weasley
92.2%
49Fred Weasley
92.2%
50George Weasley
92%
13Rubeus Hagrid
91.8%
46Molly Weasley
90.7%
6Minerva McGonagall
90.3%
48Percy Weasley
89.9%
60Hermione Granger
88.2%
40Draco Malfoy
87.4%
56Bill Weasley
86%
57Charlie Weasley
85.6%
15Marge Dursley
84.3%
88Severus Snape
84.3%
12Voldemort
83.3%
52Neville Longbottom
82.7%
37Quirinus Quirrel
79.6%
14Sirius Black
78.8%
75Seamus Finnigan
77.7%
44Hedwig
77.3%
98Dean Thomas
76.7%
96Filius Flitwick
75.3%
64Gregory Goyle
74.2%
63Vincent Crabbe
73.8%
35Tom
70.9%
81Parvati Patil
70.3%
92Pomona Sprout
68.9%
Order Character % Correct
45Mr Ollivander
68.5%
100 - He's actually the 101st but I'd forgotten to put in a character so now that one's an extra answer and he's on it. Sorry.Oliver Wood
67.4%
72Lavender Brown
65.8%
80Padma Patil
65.8%
53Augusta Longbottom
65.6%
11Dedalus Diggle
65.4%
58Scabbers
64.7%
16Arabella Figg
64.3%
67Sir Nicholas de Mimsy-Porpington
63.3%
22Piers Polkiss
62.9%
89Argus Filch
62.1%
39Madam Malkin
60.6%
69Susan Bones
59.6%
79Pansy Parkinson
59.4%
99Madam Hooch
59.4%
68Hannah Abbott
57.5%
85The Bloody Baron
56.9%
66Peeves
55.7%
55Lee Jordan
55.5%
91Mrs Norris
54.4%
38Griphook
53.8%
65The Fat Friar
52.8%
97Fang
52.6%
54Trevor
51.5%
Madam Pomfrey
51.5%
93Cuthbert Binns
49.1%
84Blaise Zabini
47%
90Fat Lady
46.8%
26Cornelius Fudge
46%
74Justin Finch-Fletchley
45.8%
61Godric Gryffindor
44.5%
36Doris Crockford
44.1%
41Salazar Slytherin
43.9%
28Bathilda Bagshot
43.1%
Order Character % Correct
42Helga Hufflepuff
42.9%
62Rowena Ravenclaw
42.9%
73Millicent Bulstrode
41%
70Terry Boot
40.8%
9Ted
38.8%
8Jim McGuffin
34.2%
24Malcolm
32%
78Nott
31.8%
21Yvonne
30.3%
25Gordon
29.7%
27Miranda Goshawk
29.5%
23Dennis
28.2%
33Newt Scamander
27.8%
18Snowy
27.4%
20Tufty
27.4%
19Mr Paws
27.2%
17Tibbles
27%
82Sally-Anne Perks
27%
83Lisa Turpin
25.4%
71Mandy Brocklehurst
23.7%
77Moon
22.9%
31Phyllida Spore
20.2%
29Adalbert Waffling
20%
32Arsenius Jigger
20%
76Morag MacDougal
19.4%
30Emeric Switch
18.4%
34Quentin Trimble
18.4%
59Bertie Bott
10.9%
94Emeric the Evil
10.5%
95Uric the Oddball
10.3%
43Professor Vindictus Viridan
8.9%
86Algie
8.7%
87Enid
7.2%

You're not logged in!

Compare scores with friends on all Sporcle quizzes.
Join for Free
OR
Log In

You Might Also Like...

Show Comments

Extras

Top Quizzes Today


Score Distribution

Your Account Isn't Verified!

In order to create a playlist on Sporcle, you need to verify the email address you used during registration. Go to your Sporcle Settings to finish the process.

Report this User

Report this user for behavior that violates our Community Guidelines.

Details: